Statistics for Yankees MLB Roster May 2018

Click here to take the quiz!

General Stats

  • This quiz has been taken 59 times
  • The average score is 17 of 25

Answer Stats

Hint Answer % Correct
OFAaron Judge
98%
CGary Sanchez
96%
Brett Gardner
96%
CPAroldis Chapman
94%
Giancarlo Stanton
92%
CC Sabathia
90%
Aaron Hicks
88%
Gleyber Torres
86%
Luis Severino
86%
SPMasahiro Tanaka
84%
Didi Gregorius
82%
IFMiguel Andujar
82%
Greg Bird
80%
Austin Romine
76%
RPDellin Betances
74%
Chad Green
66%
David Robertson
52%
Domingo German
50%
Sonny Gray
48%
Tommy Kahnle
46%
1BTyler Austin
38%
Neil Walker
34%
Jonathan Holder
32%
Chasen Shreve
22%
A.J. Cole
14%

Score Distribution

Percentile by Number Answered

Percent of People with Each Score

Your Score History

You have not taken this quiz